• 首页
  • 本馆介绍
  • 公告通知
  • 最新文献
  • 馆藏检索
  • 电子资源
  • 读者导购
  • 参考咨询
  • 我的图书馆
  • 登录
  • 详细信息显示
  • 放入我的书架
  • 预约/预借图书
  • 作者相关作品
  • 分类相关作品
  • 丛书相关作品
  • 出版社相关作品

书目信息

  • 表格格式
  • 工作单格式
  • 卡片格式
题名:
袁隆平的青少年时代
    
 
作者: 祁淑英 著
分册:  
出版信息: 太原   山西人民出版社  2013
页数: 271页
开本: 21cm
丛书名: 中外名人的青少年时代丛书
单 册:
中图分类: K826.3=76
科图分类:
主题词:
电子资源:
ISBN: 978-7-203-08036-7
000 00719oam2 2200241 450
001 339843
005 20150604164555.60
010    @a978-7-203-08036-7@dCNY18.00
100    @a20130910d2013 em y0chiy50 ea
101 0  @achi
102    @aCN@b140000
105    @aa z 000yd
106    @ar
200 1  @a袁隆平的青少年时代@Ayuan long ping de qing shao nian shi dai@f祁淑英著
210    @a太原@c山西人民出版社@d2013
215    @a271页@c照片@d21cm
225 2  @a中外名人的青少年时代丛书
410  0 @12001 @a中外名人的青少年时代丛书
600  0 @a袁隆平@f(1930-)@x生平事迹
690    @aK826.3=76@v5
701  0 @a祁淑英@Aqi shu ying@c(女, @f1933)@4著
801  0 @aCN@b卓展宏图@c20150525
905    @dK826.3=76@e40QS@f4
    
    袁隆平的青少年时代/祁淑英著.-太原:山西人民出版社,2013
    271页:照片;21cm.-(中外名人的青少年时代丛书)
    
    
    ISBN 978-7-203-08036-7:CNY18.00
    
●
相关链接 在E读中查询图书 在五车中查询图书 在当当中查询图书 在豆瓣中查询图书


正题名:袁隆平的青少年时代     索取号:K826.3=76/40QS         预约/预借

序号 登录号 条形码 馆藏地/架位号 状态 备注
1 854602   208546028   第二样本阅览室/ [索取号:K826.3=76/40QS] 在馆    
2 854603   208546037   第二借阅区/ [索取号:K826.3=76/40QS] 在馆    
3 854604   208546046   第二借阅区/ [索取号:K826.3=76/40QS] 在馆    
4 854605   208546055   第二借阅区/ [索取号:K826.3=76/40QS] 在馆    
唐山师范学院图书馆 欢迎您!
大连网信软件有限公司© 版权所有